<?xml version="1.0" encoding="UTF-8"?>
<record
    xmlns:xsi="http://www.w3.org/2001/XMLSchema-instance"
    xsi:schemaLocation="http://www.loc.gov/MARC21/slim http://www.loc.gov/standards/marcxml/schema/MARC21slim.xsd"
    xmlns="http://www.loc.gov/MARC21/slim">

  <leader>00672nam a22001817a 4500</leader>
  <datafield tag="999" ind1=" " ind2=" ">
    <subfield code="c">194907</subfield>
    <subfield code="d">194907</subfield>
  </datafield>
  <controlfield tag="003">OSt</controlfield>
  <datafield tag="020" ind1=" " ind2=" ">
    <subfield code="a">9789382263098</subfield>
  </datafield>
  <datafield tag="082" ind1=" " ind2=" ">
    <subfield code="a">CMFRI/NICRA 2015</subfield>
  </datafield>
  <datafield tag="245" ind1=" " ind2=" ">
    <subfield code="a">Kalavastha athijeevana malsyakrishi</subfield>
    <subfield code="b">/&#xD38;&#xD02;&#xD30;&#xD02;&#xD2D;&#xD15;&#xD24;&#xD4D;&#xD35; &#xD35;&#xD3F;&#xD15;&#xD38;&#xD28; &#xD2A;&#xD30;&#xD3F;&#xD2A;&#xD3E;&#xD1F;&#xD3F;: &#xD15;&#xD3E;&#xD32;&#xD3E;&#xD35;&#xD38;&#xD4D;&#xD25; &#xD05;&#xD24;&#xD3F;&#xD1C;&#xD40;&#xD35;&#xD28; &#xD2E;&#xD24;&#xD4D;&#xD38;&#xD4D;&#xD2F;&#xD15;&#xD43;&#xD37;&#xD3F;</subfield>
  </datafield>
  <datafield tag="260" ind1=" " ind2=" ">
    <subfield code="a">Ernakulam North</subfield>
    <subfield code="b">ICAR-Central Marine Fisheries Research Institute</subfield>
    <subfield code="c">2015</subfield>
  </datafield>
  <datafield tag="300" ind1=" " ind2=" ">
    <subfield code="a">97p.</subfield>
  </datafield>
  <datafield tag="500" ind1=" " ind2=" ">
    <subfield code="a">Samrabakathwa Vikasana Paripadi: Kalavastha athijeevana malsyakrishi 2015</subfield>
  </datafield>
  <datafield tag="500" ind1=" " ind2=" ">
    <subfield code="a">matsyakrishi</subfield>
  </datafield>
  <datafield tag="546" ind1=" " ind2=" ">
    <subfield code="a">Malayalam</subfield>
  </datafield>
  <datafield tag="650" ind1=" " ind2=" ">
    <subfield code="a">Marine studies</subfield>
  </datafield>
  <datafield tag="700" ind1=" " ind2=" ">
    <subfield code="a">ICAR-CMFRI</subfield>
  </datafield>
  <datafield tag="942" ind1=" " ind2=" ">
    <subfield code="2">ddc</subfield>
    <subfield code="c">REP</subfield>
  </datafield>
  <datafield tag="952" ind1=" " ind2=" ">
    <subfield code="0">0</subfield>
    <subfield code="1">0</subfield>
    <subfield code="2">ddc</subfield>
    <subfield code="4">0</subfield>
    <subfield code="7">0</subfield>
    <subfield code="a">KAUCLV</subfield>
    <subfield code="b">KAUCLV</subfield>
    <subfield code="c">REPORTS</subfield>
    <subfield code="d">2020-10-28</subfield>
    <subfield code="l">0</subfield>
    <subfield code="o">CMFRI/NICRA 2015</subfield>
    <subfield code="p">811421</subfield>
    <subfield code="r">2020-10-28 00:00:00</subfield>
    <subfield code="w">2020-10-28</subfield>
    <subfield code="y">REP</subfield>
  </datafield>
</record>
